[Event "DVM U14 2022"]
[Site "Kelheim GER"]
[Date "2022.12.28"]
[Round "3"]
[White "Staat, Christian"]
[Black "Babychev, Mykhailo"]
[Result "0-1"]
[Termination "normal"]
[Board "5.4"]
[WhiteElo "1260"]
[BlackElo "1393"]
[WhiteClock "00:00:42"]
[BlackClock "01:05:55"]
[WhiteTeam "VSG 1880 Offenbach"]
[BlackTeam "Hamburger SK von 1830 eV"]
[PlyCount "90"]
[WhiteFideId "34608141"]
[BlackFideId "34637273"]
[EventCountry "GER"]
[EventRounds "7"]
[EventType "team-swiss"]
[EventDate "2022.12.26"]

1. d4 {[%clk 01:30:59]} {[%emt 00:40:12]} Nf6 {[%clk 01:30:37]} {[%emt
00:00:24]} 2. c4 {[%clk 01:31:25]} {[%emt 00:00:05]} e6 {[%clk 01:30:53]}
{[%emt 00:00:13]} 3. Nc3 {[%clk 01:31:17]} {[%emt 00:00:38]} Bb4 {[%clk
01:31:12]} {[%emt 00:00:11]} 4. Bd2 {[%clk 01:31:26]} {[%emt 00:00:21]} c5
{[%clk 01:30:25]} {[%emt 00:01:17]} 5. dxc5 {[%clk 01:07:06]} {[%emt 00:24:50]}
Bxc5 {[%clk 01:30:34]} {[%emt 00:00:20]} 6. Nf3 {[%clk 01:07:32]} {[%emt
00:00:04]} Nc6 {[%clk 01:29:24]} {[%emt 00:01:40]} 7. Bg5 {[%clk 01:07:22]}
{[%emt 00:00:41]} Qb6 {[%clk 01:28:18]} {[%emt 00:01:36]} 8. Qc2 {[%clk
00:45:49]} {[%emt 00:22:01]} Bxf2 {[%clk 01:28:02]} {[%emt 00:00:47]} 9. Kd1
{[%clk 00:46:14]} {[%emt 00:00:06]} Nd4 {[%clk 01:25:08]} {[%emt 00:03:23]} 10.
Qd2 {[%clk 00:41:21]} {[%emt 00:05:21]} Nxf3 {[%clk 01:23:55]} {[%emt
00:01:45]} 11. exf3 {[%clk 00:40:34]} {[%emt 00:01:17]} Bc5 {[%clk 01:21:31]}
{[%emt 00:02:54]} 12. Bxf6 {[%clk 00:29:27]} {[%emt 00:11:37]} gxf6 {[%clk
01:21:50]} {[%emt 00:00:11]} 13. Ne4 {[%clk 00:29:46]} {[%emt 00:00:11]} Be7
{[%clk 01:21:46]} {[%emt 00:00:34]} 14. Qc3 {[%clk 00:28:10]} {[%emt 00:02:04]}
e5 {[%clk 01:21:34]} {[%emt 00:00:45]} 15. Kc2 {[%clk 00:23:27]} {[%emt
00:05:12]} d6 {[%clk 01:18:24]} {[%emt 00:03:41]} 16. Bd3 {[%clk 00:21:00]}
{[%emt 00:02:56]} Be6 {[%clk 01:17:01]} {[%emt 00:01:53]} 17. Rhf1 {[%clk
00:17:03]} {[%emt 00:04:26]} Rc8 {[%clk 01:16:31]} {[%emt 00:01:01]} 18. b3
{[%clk 00:11:43]} {[%emt 00:05:50]} d5 {[%clk 01:16:08]} {[%emt 00:00:53]} 19.
Ng3 {[%clk 00:11:53]} {[%emt 00:00:20]} Qc7 {[%clk 01:15:12]} {[%emt 00:01:27]}
20. Nf5 {[%clk 00:07:53]} {[%emt 00:04:30]} Kf8 {[%clk 01:13:27]} {[%emt
00:02:15]} 21. Qd2 {[%clk 00:05:17]} {[%emt 00:03:06]} h5 {[%clk 01:13:20]}
{[%emt 00:00:36]} 22. Nxe7 {[%clk 00:05:15]} {[%emt 00:00:32]} Kxe7 {[%clk
01:13:35]} {[%emt 00:00:15]} 23. Qb4 {[%clk 00:05:33]} {[%emt 00:00:13]} Ke8
{[%clk 01:11:10]} {[%emt 00:02:55]} 24. Kb2 {[%clk 00:04:04]} {[%emt 00:01:57]}
dxc4 {[%clk 01:09:32]} {[%emt 00:02:10]} 25. bxc4 {[%clk 00:04:25]} {[%emt
00:00:08]} Qb6 {[%clk 01:09:49]} {[%emt 00:00:13]} 26. Qxb6 {[%clk 00:04:48]}
{[%emt 00:00:07]} axb6 {[%clk 01:10:12]} {[%emt 00:00:08]} 27. Rfc1 {[%clk
00:05:06]} {[%emt 00:00:12]} Rc5 {[%clk 01:10:05]} {[%emt 00:00:37]} 28. Rc3
{[%clk 00:04:19]} {[%emt 00:01:17]} Ke7 {[%clk 01:10:10]} {[%emt 00:00:25]} 29.
Rac1 {[%clk 00:04:24]} {[%emt 00:00:24]} Rhc8 {[%clk 01:10:27]} {[%emt
00:00:13]} 30. a4 {[%clk 00:02:48]} {[%emt 00:02:06]} f5 {[%clk 01:09:45]}
{[%emt 00:01:12]} 31. Ka3 {[%clk 00:02:22]} {[%emt 00:00:56]} Kf6 {[%clk
01:08:29]} {[%emt 00:01:46]} 32. g3 {[%clk 00:01:40]} {[%emt 00:01:13]} h4
{[%clk 01:08:16]} {[%emt 00:00:43]} 33. Kb4 {[%clk 00:01:35]} {[%emt 00:00:34]}
hxg3 {[%clk 01:08:11]} {[%emt 00:00:35]} 34. hxg3 {[%clk 00:02:00]} {[%emt
00:00:05]} Rg8 {[%clk 01:08:32]} {[%emt 00:00:09]} 35. Rg1 {[%clk 00:02:06]}
{[%emt 00:00:24]} Bd7 {[%clk 01:08:31]} {[%emt 00:00:32]} 36. Be2 {[%clk
00:01:56]} {[%emt 00:00:40]} Bc6 {[%clk 01:08:11]} {[%emt 00:00:49]} 37. Re3
{[%clk 00:00:38]} {[%emt 00:01:48]} f4 {[%clk 01:07:50]} {[%emt 00:00:51]} 38.
Rd3 {[%clk 00:00:47]} {[%emt 00:00:21]} fxg3 {[%clk 01:07:10]} {[%emt
00:01:11]} 39. Rd6 {[%clk 00:00:44]} {[%emt 00:00:33]} Ke7 {[%clk 01:06:02]}
{[%emt 00:01:37]} 40. Rh6 {[%clk 00:01:11]} {[%emt 00:00:03]} e4 {[%clk
01:05:53]} {[%emt 00:00:40]} 41. fxe4 {[%clk 00:01:17]} {[%emt 00:00:24]} Bxe4
{[%clk 01:06:02]} {[%emt 00:00:20]} 42. Rh3 {[%clk 00:00:33]} {[%emt 00:01:14]}
Rcg5 {[%clk 01:05:49]} {[%emt 00:00:43]} 43. Kc3 {[%clk 00:00:42]} {[%emt
00:00:21]} Kd6 {[%clk 01:05:36]} {[%emt 00:00:44]} 44. Rh6 {[%clk 00:00:32]}
{[%emt 00:00:39]} Kc5 {[%clk 01:05:45]} {[%emt 00:00:19]} 45. Rb1 {[%clk
00:00:42]} {[%emt 00:00:22]} Bxb1 {[%clk 01:05:55]} {[%emt 00:00:21]} 0-1

[Event "DVM U14 2022"]
[Site "Kelheim GER"]
[Date "2022.12.28"]
[Round "3"]
[White "Moldovan, Tatiana"]
[Black "Blodig, Vincent"]
[Result "0-1"]
[Termination "normal"]
[Board "6.1"]
[WhiteElo "1435"]
[BlackElo "1541"]
[WhiteClock "01:00:49"]
[BlackClock "00:25:53"]
[WhiteTeam "SG Königskinder Hohentübingen e.V."]
[BlackTeam "Schachfreunde Augsburg"]
[PlyCount "122"]
[WhiteFideId "16287398"]
[BlackFideId "16297857"]
[EventCountry "GER"]
[EventRounds "7"]
[EventType "team-swiss"]
[EventDate "2022.12.26"]

1. e4 {[%clk 01:30:38]} {[%emt 00:00:21]} c5 {[%clk 01:30:51]} {[%emt
00:00:10]} 2. Nc3 {[%clk 01:31:00]} {[%emt 00:00:07]} e6 {[%clk 01:31:07]}
{[%emt 00:00:15]} 3. Nf3 {[%clk 01:31:07]} {[%emt 00:00:23]} Nc6 {[%clk
01:31:26]} {[%emt 00:00:11]} 4. Bb5 {[%clk 01:31:30]} {[%emt 00:00:07]} Nd4
{[%clk 01:31:18]} {[%emt 00:00:38]} 5. O-O {[%clk 01:31:37]} {[%emt 00:00:24]}
Nxb5 {[%clk 01:31:25]} {[%emt 00:00:23]} 6. Nxb5 {[%clk 01:31:57]} {[%emt
00:00:10]} a6 {[%clk 01:31:08]} {[%emt 00:00:48]} 7. Nc3 {[%clk 01:32:07]}
{[%emt 00:00:20]} Be7 {[%clk 01:30:45]} {[%emt 00:00:52]} 8. d4 {[%clk
01:32:20]} {[%emt 00:00:18]} cxd4 {[%clk 01:29:15]} {[%emt 00:02:00]} 9. Qxd4
{[%clk 01:32:40]} {[%emt 00:00:09]} d6 {[%clk 01:24:20]} {[%emt 00:05:26]} 10.
Rd1 {[%clk 01:27:31]} {[%emt 00:05:40]} e5 {[%clk 01:18:52]} {[%emt 00:05:57]}
11. Qd3 {[%clk 01:26:16]} {[%emt 00:01:45]} f5 {[%clk 01:17:00]} {[%emt
00:02:22]} 12. Nd5 {[%clk 01:24:47]} {[%emt 00:01:59]} fxe4 {[%clk 01:05:25]}
{[%emt 00:12:06]} 13. Qxe4 {[%clk 01:24:57]} {[%emt 00:00:20]} Nf6 {[%clk
01:05:39]} {[%emt 00:00:16]} 14. Nxf6 {[%clk 01:24:39]} {[%emt 00:00:47]} gxf6
{[%clk 01:05:35]} {[%emt 00:00:34]} 15. Nh4 {[%clk 01:23:54]} {[%emt 00:01:16]}
Be6 {[%clk 00:59:30]} {[%emt 00:06:34]} 16. c4 {[%clk 01:17:39]} {[%emt
00:06:45]} Qc8 {[%clk 00:55:41]} {[%emt 00:04:19]} 17. b3 {[%clk 01:11:21]}
{[%emt 00:06:48]} f5 {[%clk 00:43:16]} {[%emt 00:12:54]} 18. Qe2 {[%clk
01:07:39]} {[%emt 00:04:12]} O-O {[%clk 00:39:35]} {[%emt 00:04:11]} 19. Nf3
{[%clk 01:04:23]} {[%emt 00:03:46]} Qc6 {[%clk 00:36:12]} {[%emt 00:03:52]} 20.
Nd4 {[%clk 01:03:03]} {[%emt 00:01:50]} Qc8 {[%clk 00:35:27]} {[%emt 00:01:14]}
21. Nxe6 {[%clk 01:03:03]} {[%emt 00:00:31]} Qxe6 {[%clk 00:35:48]} {[%emt
00:00:09]} 22. Ba3 {[%clk 01:00:18]} {[%emt 00:03:16]} Rab8 {[%clk 00:33:25]}
{[%emt 00:02:53]} 23. Rd5 {[%clk 01:00:18]} {[%emt 00:00:30]} b5 {[%clk
00:30:26]} {[%emt 00:03:28]} 24. Rad1 {[%clk 01:00:10]} {[%emt 00:00:39]} b4
{[%clk 00:26:30]} {[%emt 00:04:28]} 25. Bb2 {[%clk 01:00:34]} {[%emt 00:00:05]}
Rfd8 {[%clk 00:19:10]} {[%emt 00:07:49]} 26. c5 {[%clk 00:57:45]} {[%emt
00:03:19]} Rb5 {[%clk 00:15:59]} {[%emt 00:03:41]} 27. Qc4 {[%clk 00:51:55]}
{[%emt 00:06:21]} Kf7 {[%clk 00:12:43]} {[%emt 00:03:46]} 28. cxd6 {[%clk
00:46:59]} {[%emt 00:05:26]} Rxd5 {[%clk 00:12:17]} {[%emt 00:00:56]} 29. Rxd5
{[%clk 00:47:23]} {[%emt 00:00:06]} Rxd6 {[%clk 00:12:15]} {[%emt 00:00:32]}
30. Rxd6 {[%clk 00:46:24]} {[%emt 00:01:29]} Qxc4 {[%clk 00:12:18]} {[%emt
00:00:26]} 31. bxc4 {[%clk 00:46:51]} {[%emt 00:00:04]} Bxd6 {[%clk 00:12:38]}
{[%emt 00:00:10]} 32. Kf1 {[%clk 00:46:47]} {[%emt 00:00:34]} Ke6 {[%clk
00:12:41]} {[%emt 00:00:27]} 33. Ke2 {[%clk 00:47:09]} {[%emt 00:00:08]} e4
{[%clk 00:12:51]} {[%emt 00:00:20]} 34. h3 {[%clk 00:46:52]} {[%emt 00:00:47]}
Be5 {[%clk 00:12:37]} {[%emt 00:00:43]} 35. Bc1 {[%clk 00:46:07]} {[%emt
00:01:15]} f4 {[%clk 00:10:56]} {[%emt 00:02:12]} 36. Kd2 {[%clk 00:43:16]}
{[%emt 00:03:22]} a5 {[%clk 00:06:22]} {[%emt 00:05:04]} 37. Kc2 {[%clk
00:42:26]} {[%emt 00:01:20]} Bc7 {[%clk 00:06:20]} {[%emt 00:00:31]} 38. Bb2
{[%clk 00:41:41]} {[%emt 00:01:15]} Be5 {[%clk 00:05:14]} {[%emt 00:01:37]} 39.
Bc1 {[%clk 00:41:59]} {[%emt 00:00:12]} a4 {[%clk 00:05:30]} {[%emt 00:00:13]}
40. Bd2 {[%clk 00:41:54]} {[%emt 00:00:35]} Bd6 {[%clk 00:05:54]} {[%emt
00:00:06]} 41. g3 {[%clk 00:39:02]} {[%emt 00:03:23]} f3 {[%clk 00:05:17]}
{[%emt 00:01:07]} 42. Be3 {[%clk 00:38:58]} {[%emt 00:00:34]} Kd7 {[%clk
00:03:27]} {[%emt 00:02:19]} 43. h4 {[%clk 00:37:49]} {[%emt 00:01:40]} h5
{[%clk 00:02:57]} {[%emt 00:01:00]} 44. Kd2 {[%clk 00:36:17]} {[%emt 00:02:01]}
Be5 {[%clk 00:00:39]} {[%emt 00:02:47]} 45. Bc5 {[%clk 00:36:03]} {[%emt
00:00:28]} b3 {[%clk 00:00:31]} {[%emt 00:00:55]} 46. axb3 {[%clk 00:36:10]}
{[%emt 00:00:23]} axb3 {[%clk 00:00:51]} {[%emt 00:00:10]} 47. Ba3 {[%clk
00:34:05]} {[%emt 00:02:34]} Ke6 {[%clk 00:28:49]} {[%emt 00:02:33]} 48. Bc5
{[%clk 01:03:05]} {[%emt 00:01:24]} Bd6 {[%clk 00:22:52]} {[%emt 00:06:33]} 49.
Bd4 {[%clk 01:02:02]} {[%emt 00:01:34]} Bb4 {[%clk 00:22:29]} {[%emt 00:00:52]}
50. Kc1 {[%clk 01:02:09]} {[%emt 00:00:24]} Ba3 {[%clk 00:22:48]} {[%emt
00:00:11]} 51. Kd2 {[%clk 01:02:37]} {[%emt 00:00:02]} Kd6 {[%emt 00:00:26]}
52. Ke3 {[%clk 01:02:21]} {[%emt 00:00:45]} Bc5 {[%clk 00:23:04]} {[%emt
00:00:19]} 53. Bxc5 {[%clk 00:58:37]} {[%emt 00:04:15]} Kxc5 {[%emt 00:00:13]}
54. Kxe4 {[%clk 00:59:03]} b2 {[%clk 00:23:43]} {[%emt 00:00:11]} 55. Kxf3
{[%clk 00:59:28]} {[%emt 00:00:04]} b1=Q {[%emt 00:00:36]} 56. Kf4 {[%clk
00:59:28]} {[%emt 00:00:10]} Qg6 {[%clk 00:24:17]} {[%emt 00:00:10]} 57. Kf3
{[%clk 00:59:39]} {[%emt 00:00:20]} Qg4 {[%clk 00:24:40]} {[%emt 00:00:07]} 58.
Kg2 {[%clk 00:59:56]} {[%emt 00:00:12]} Qxc4 {[%emt 00:00:21]} 59. Kf3 {[%clk
01:00:14]} {[%emt 00:00:03]} Kd5 {[%clk 00:25:16]} {[%emt 00:00:12]} 60. Kg2
{[%clk 01:00:27]} {[%emt 00:00:17]} Qc2 {[%clk 00:25:36]} {[%emt 00:00:10]} 61.
Kf3 {[%clk 01:00:49]} {[%emt 00:00:10]} Qe4# {[%clk 00:25:53]} {[%emt
00:00:11]} 0-1

[Event "DVM U14 2022"]
[Site "Kelheim GER"]
[Date "2022.12.28"]
[Round "3"]
[White "Rempel, Alexander"]
[Black "Moldovan, Stela"]
[Result "1-0"]
[Termination "normal"]
[Board "6.2"]
[WhiteElo "1393"]
[BlackElo "1271"]
[WhiteClock "01:15:11"]
[BlackClock "01:16:42"]
[WhiteTeam "Schachfreunde Augsburg"]
[BlackTeam "SG Königskinder Hohentübingen e.V."]
[PlyCount "117"]
[WhiteFideId "34618600"]
[BlackFideId "16287380"]
[EventCountry "GER"]
[EventRounds "7"]
[EventType "team-swiss"]
[EventDate "2022.12.26"]

1. e4 {[%clk 01:30:58]} {[%emt 00:00:02]} c6 {[%clk 01:31:22]} {[%emt
00:00:10]} 2. Nf3 {[%clk 01:31:50]} {[%emt 00:00:06]} d5 {[%clk 01:31:45]}
{[%emt 00:00:07]} 3. d3 {[%clk 01:32:16]} {[%emt 00:00:03]} dxe4 {[%clk
01:32:07]} {[%emt 00:00:09]} 4. dxe4 {[%clk 01:32:42]} {[%emt 00:00:05]} Qxd1
{[%emt 00:00:10]} 5. Kxd1 {[%clk 01:33:07]} {[%emt 00:00:01]} Nf6 {[%clk
01:32:48]} {[%emt 00:00:12]} 6. Nfd2 {[%clk 01:33:29]} {[%emt 00:00:09]} Nbd7
{[%clk 01:31:40]} {[%emt 00:01:36]} 7. f3 {[%clk 01:33:25]} {[%emt 00:00:35]}
Nc5 {[%clk 01:31:14]} {[%emt 00:00:55]} 8. c3 {[%clk 01:33:37]} {[%emt
00:00:19]} Be6 {[%clk 01:29:28]} {[%emt 00:02:15]} 9. Kc2 {[%clk 01:33:39]}
{[%emt 00:00:29]} O-O-O {[%clk 01:29:19]} {[%emt 00:00:40]} 10. Nb3 {[%clk
01:31:58]} {[%emt 00:02:10]} Nfd7 {[%clk 01:29:05]} {[%emt 00:00:43]} 11. Be3
{[%clk 01:31:48]} {[%emt 00:00:41]} Na4 {[%clk 01:26:27]} {[%emt 00:03:04]} 12.
Nd4 {[%clk 01:27:50]} {[%emt 00:04:32]} Nab6 {[%clk 01:21:50]} {[%emt
00:05:06]} 13. Nxe6 {[%clk 01:26:55]} {[%emt 00:01:26]} fxe6 {[%clk 01:21:54]}
{[%emt 00:00:26]} 14. Nd2 {[%clk 01:26:52]} {[%emt 00:00:32]} Ne5 {[%clk
01:21:30]} {[%emt 00:00:54]} 15. a4 {[%clk 01:26:22]} {[%emt 00:01:01]} Nbd7
{[%clk 01:16:20]} {[%emt 00:05:40]} 16. Bxa7 {[%clk 01:14:42]} {[%emt
00:12:11]} b6 {[%clk 01:16:29]} {[%emt 00:00:21]} 17. a5 {[%clk 01:15:00]}
{[%emt 00:00:12]} Kb7 {[%clk 01:16:47]} {[%emt 00:00:11]} 18. axb6 {[%clk
01:15:11]} {[%emt 00:00:21]} Nxb6 {[%clk 01:16:42]} 19. Bxb6 {[%clk 01:15:11]}
Kxb6 {[%clk 01:16:42]} 20. Nc4 {[%clk 01:15:11]} Nxc4 {[%clk 01:16:42]} 21.
Bxc4 {[%clk 01:15:11]} e5 {[%clk 01:16:42]} 22. Ra4 {[%clk 01:15:11]} g6 {[%clk
01:16:42]} 23. Rha1 {[%clk 01:15:11]} Bh6 {[%clk 01:16:42]} 24. Bd3 {[%clk
01:15:11]} Kc7 {[%clk 01:16:42]} 25. Ra7 {[%clk 01:15:11]} Kd6 {[%clk
01:16:42]} 26. R1a6 {[%clk 01:15:11]} Rc8 {[%clk 01:16:42]} 27. b4 {[%clk
01:15:11]} Rhe8 {[%clk 01:16:42]} 28. b5 {[%clk 01:15:11]} Kc5 {[%clk
01:16:42]} 29. b6 {[%clk 01:15:11]} Kd6 {[%clk 01:16:42]} 30. b7 {[%clk
01:15:11]} Rb8 {[%clk 01:16:42]} 31. Bb5 {[%clk 01:15:11]} Be3 {[%clk
01:16:42]} 32. Rxc6 {[%clk 01:15:11]} Kd7 {[%clk 01:16:42]} 33. Ra8 {[%clk
01:15:11]} Rxb7 {[%clk 01:16:42]} 34. Rcc8 {[%clk 01:15:11]} Rxb5 {[%clk
01:16:42]} 35. Rxe8 {[%clk 01:15:11]} Rb6 {[%clk 01:16:42]} 36. Red8 {[%clk
01:15:11]} Ke6 {[%clk 01:16:42]} 37. Rd3 {[%clk 01:15:11]} Bg5 {[%clk
01:16:42]} 38. Ra5 {[%clk 01:15:11]} Kf7 {[%clk 01:16:42]} 39. c4 {[%clk
01:15:11]} Rb4 {[%clk 01:16:42]} 40. Rc3 {[%clk 01:15:11]} Kf6 {[%clk
01:16:42]} 41. Rb5 {[%clk 01:15:11]} Ra4 {[%clk 01:16:42]} 42. Kb2 {[%clk
01:15:11]} Bd2 {[%clk 01:16:42]} 43. Rc2 {[%clk 01:15:11]} Be3 {[%clk
01:16:42]} 44. c5 {[%clk 01:15:11]} Bd4 {[%clk 01:16:42]} 45. Kb3 {[%clk
01:15:11]} Ra1 {[%clk 01:16:42]} 46. c6 {[%clk 01:15:11]} Rb1 {[%clk 01:16:42]}
47. Kc4 {[%clk 01:15:11]} Ra1 {[%clk 01:16:42]} 48. c7 {[%clk 01:15:11]} Ra8
{[%clk 01:16:42]} 49. Rb8 {[%clk 01:15:11]} Ra4 {[%clk 01:16:42]} 50. Kb3
{[%clk 01:15:11]} Ra1 {[%clk 01:16:42]} 51. c8=Q {[%clk 01:15:11]} Rb1 {[%clk
01:16:42]} 52. Kc4 {[%clk 01:15:11]} Ra1 {[%clk 01:16:42]} 53. Qg8 {[%clk
01:15:11]} Ra4 {[%clk 01:16:42]} 54. Kb3 {[%clk 01:15:11]} Ra1 {[%clk
01:16:42]} 55. Rf8 {[%clk 01:15:11]} Kg5 {[%clk 01:16:42]} 56. h4 {[%clk
01:15:11]} Kh6 {[%clk 01:16:42]} 57. Rf7 {[%clk 01:15:11]} Rb1 {[%clk
01:16:42]} 58. Kc4 {[%clk 01:15:11]} g5 {[%clk 01:16:42]} 59. Rxh7# {[%clk
01:15:11]} 1-0

[Event "DVM U14 2022"]
[Site "Kelheim GER"]
[Date "2022.12.28"]
[Round "3"]
[White "Moldovan, Tudor"]
[Black "Steinberger, Michael"]
[Result "1-0"]
[Termination "normal"]
[Board "6.3"]
[WhiteElo "1263"]
[BlackElo "1610"]
[WhiteClock "00:56:10"]
[BlackClock "00:03:52"]
[WhiteTeam "SG Königskinder Hohentübingen e.V."]
[BlackTeam "Schachfreunde Augsburg"]
[PlyCount "81"]
[WhiteFideId "16288203"]
[BlackFideId "34622373"]
[EventCountry "GER"]
[EventRounds "7"]
[EventType "team-swiss"]
[EventDate "2022.12.26"]

1. d4 {[%clk 01:30:54]} {[%emt 00:00:06]} Nf6 {[%clk 01:30:52]} {[%emt
00:00:09]} 2. Nf3 {[%clk 01:31:03]} {[%emt 00:00:21]} e6 {[%clk 01:31:12]}
{[%emt 00:00:09]} 3. e3 {[%clk 01:31:21]} {[%emt 00:00:13]} d5 {[%clk
01:31:26]} {[%emt 00:00:16]} 4. Bd3 {[%clk 01:31:27]} {[%emt 00:00:23]} c5
{[%clk 01:31:22]} {[%emt 00:00:35]} 5. b3 {[%clk 01:31:32]} {[%emt 00:00:24]}
Bd6 {[%clk 01:28:59]} {[%emt 00:02:53]} 6. Bb2 {[%clk 01:30:39]} {[%emt
00:01:23]} Nbd7 {[%clk 01:25:54]} {[%emt 00:03:35]} 7. O-O {[%clk 01:30:21]}
{[%emt 00:00:48]} Qc7 {[%clk 01:25:28]} {[%emt 00:00:58]} 8. Nbd2 {[%clk
01:29:30]} {[%emt 00:01:20]} O-O {[%clk 01:22:37]} {[%emt 00:03:21]} 9. c4
{[%clk 01:28:18]} {[%emt 00:01:41]} e5 {[%clk 01:18:15]} {[%emt 00:04:52]} 10.
cxd5 {[%clk 01:24:58]} {[%emt 00:03:51]} exd4 {[%clk 01:03:48]} {[%emt
00:14:57]} 11. exd4 {[%clk 01:23:03]} {[%emt 00:02:25]} Nxd5 {[%clk 01:02:18]}
{[%emt 00:01:59]} 12. dxc5 {[%clk 01:21:47]} {[%emt 00:01:46]} Nxc5 {[%clk
00:52:10]} {[%emt 00:10:39]} 13. Bc2 {[%clk 01:19:55]} {[%emt 00:02:18]} Nb4
{[%clk 00:46:16]} {[%emt 00:06:27]} 14. Bb1 {[%clk 01:16:59]} {[%emt 00:03:23]}
Ncd3 {[%clk 00:42:50]} {[%emt 00:03:59]} 15. Bd4 {[%clk 01:13:17]} {[%emt
00:03:59]} Ne5 {[%clk 00:40:19]} {[%emt 00:03:14]} 16. h3 {[%clk 01:11:16]}
{[%emt 00:02:31]} Nbc6 {[%clk 00:38:38]} {[%emt 00:02:12]} 17. Bb2 {[%clk
01:09:40]} {[%emt 00:01:59]} Nxf3 {[%clk 00:35:29]} {[%emt 00:03:45]} 18. Nxf3
{[%clk 01:09:52]} {[%emt 00:00:18]} Bd7 {[%clk 00:34:32]} {[%emt 00:01:27]} 19.
Qd3 {[%clk 01:08:46]} {[%emt 00:01:24]} g6 {[%clk 00:33:02]} {[%emt 00:02:12]}
20. Rd1 {[%clk 01:07:24]} {[%emt 00:01:52]} Be5 {[%clk 00:29:59]} {[%emt
00:03:33]} 21. Nxe5 {[%clk 01:06:14]} {[%emt 00:01:40]} Nxe5 {[%emt 00:00:28]}
22. Qd4 {[%clk 01:06:18]} {[%emt 00:00:22]} f6 {[%clk 00:27:08]} {[%emt
00:03:27]} 23. f4 {[%clk 01:05:29]} {[%emt 00:01:19]} Be6 {[%clk 00:22:34]}
{[%emt 00:05:05]} 24. Rc1 {[%clk 01:04:54]} {[%emt 00:01:04]} Nc6 {[%clk
00:22:05]} {[%emt 00:00:59]} 25. Qf2 {[%clk 01:03:21]} {[%emt 00:01:42]} Qf7
{[%clk 00:19:39]} {[%emt 00:03:16]} 26. Rc3 {[%emt 00:03:20]} Rfd8 {[%clk
00:18:32]} 27. Bc2 {[%clk 00:59:01]} {[%emt 00:03:36]} Rd7 {[%clk 00:18:12]}
{[%emt 00:00:51]} 28. Rg3 {[%clk 00:58:33]} {[%emt 00:00:45]} f5 {[%clk
00:16:53]} {[%emt 00:02:02]} 29. h4 {[%clk 00:57:51]} {[%emt 00:01:12]} Rad8
{[%clk 00:15:51]} {[%emt 00:01:31]} 30. Bc3 {[%clk 00:57:48]} {[%emt 00:00:28]}
Nd4 {[%clk 00:13:51]} {[%emt 00:02:36]} 31. h5 {[%clk 00:57:50]} {[%emt
00:00:29]} Nxc2 {[%clk 00:13:23]} {[%emt 00:00:57]} 32. hxg6 {[%clk 00:57:43]}
{[%emt 00:00:38]} hxg6 {[%clk 00:12:35]} {[%emt 00:01:18]} 33. Qxc2 {[%clk
00:58:05]} {[%emt 00:00:06]} Bd5 {[%clk 00:12:11]} {[%emt 00:00:54]} 34. Rh3
{[%clk 00:57:36]} {[%emt 00:00:55]} Kf8 {[%clk 00:11:32]} {[%emt 00:01:15]} 35.
Rh8 {[%clk 00:57:54]} {[%emt 00:00:10]} Ke7 {[%clk 00:11:36]} {[%emt 00:00:27]}
36. Bb4 {[%clk 00:58:14]} {[%emt 00:00:09]} Rd6 {[%clk 00:06:13]} {[%emt
00:05:55]} 37. Rxd8 {[%clk 00:57:08]} {[%emt 00:01:36]} Kxd8 {[%clk 00:06:33]}
{[%emt 00:00:09]} 38. Bxd6 {[%clk 00:57:28]} {[%emt 00:00:11]} Qe6 {[%clk
00:05:34]} {[%emt 00:01:29]} 39. Rd1 {[%clk 00:56:16]} {[%emt 00:01:35]} Qxd6
{[%clk 00:03:58]} {[%emt 00:02:12]} 40. Qd3 {[%clk 00:56:01]} {[%emt 00:00:29]}
Qb6 {[%clk 00:03:52]} {[%emt 00:00:53]} 41. Qd4 {[%clk 00:56:10]} {[%emt
00:00:16]} 1-0